Rechtmäßigkeit und Verwertbarkeit heimlicher Stimmvergleiche im Strafverfahren

Saved in:  
Bibliographic Details
Main Author: Holzinger, Ulrike 1966- (Author)
Format: Print Book
Language:German
Published: Passau [circa 1995]
In:Year: 1995
Check availability: HBZ Gateway
Subito Delivery Service: Order now.
Keywords:

MARC

LEADER 00000cam a22000002c 4500
001 1122358776
003 DE-627
005 20260114130910.0
007 tu
008 960605s1995 xx ||||| m 00| ||ger c
035 |a (DE-627)1122358776 
035 |a (DE-576)052358771 
035 |a (DE-599)BSZ052358771 
035 |a (OCoLC)312348064 
040 |a DE-627  |b ger  |c DE-627  |e rakwb 
041 |a ger 
084 |a PH 4850  |q DE-208  |2 rvk  |0 (DE-625)rvk/136155: 
084 |a PH 4830  |q DE-208  |2 rvk  |0 (DE-625)rvk/136153: 
100 1 |a Holzinger, Ulrike  |d 1966-  |0 (DE-588)115436057  |0 (DE-627)69131683X  |0 (DE-576)289883148  |4 aut 
109 |a Holzinger, Ulrike 1966-  |a Ackemann, Ulrike 1966-  |a Ackemann, Ulricke 1966- 
245 1 0 |a Rechtmäßigkeit und Verwertbarkeit heimlicher Stimmvergleiche im Strafverfahren  |c von Ulrike Ackemann 
264 1 |a Passau  |c [circa 1995] 
300 |a XXIII, 196 Bl. 
336 |a Text  |b txt  |2 rdacontent 
337 |a ohne Hilfsmittel zu benutzen  |b n  |2 rdamedia 
338 |a Band  |b nc  |2 rdacarrier 
502 |a Passau, Univ., Diss., 1995 
583 1 |a Archivierung prüfen  |c 20200919  |f DE-640  |z 2  |2 pdager 
655 7 |a Hochschulschrift  |0 (DE-588)4113937-9  |0 (DE-627)105825778  |0 (DE-576)209480580  |2 gnd-content 
689 0 0 |d g  |0 (DE-588)4011882-4  |0 (DE-627)104704861  |0 (DE-576)208896155  |a Deutschland  |2 gnd 
689 0 1 |d s  |0 (DE-588)4057803-3  |0 (DE-627)106149431  |0 (DE-576)209123753  |a Strafverfolgung  |2 gnd 
689 0 2 |d s  |0 (DE-588)4306757-8  |0 (DE-627)123210887  |0 (DE-576)211090344  |a Verdeckte Ermittlung  |2 gnd 
689 0 3 |d s  |0 (DE-588)4138358-8  |0 (DE-627)105643289  |0 (DE-576)209685379  |a Sprechererkennung  |2 gnd 
689 0 4 |d s  |0 (DE-588)4058881-6  |0 (DE-627)106145592  |0 (DE-576)209128313  |a Täter  |2 gnd 
689 0 5 |d s  |0 (DE-588)4072712-9  |0 (DE-627)106094408  |0 (DE-576)209187964  |a Identifikation  |2 gnd 
689 0 6 |d s  |0 (DE-588)4144883-2  |0 (DE-627)105595004  |0 (DE-576)209737301  |a Beschuldigter  |2 gnd 
689 0 7 |d s  |0 (DE-588)4125622-0  |0 (DE-627)104325186  |0 (DE-576)209578122  |a Täuschung  |2 gnd 
689 0 8 |d s  |0 (DE-588)4193611-5  |0 (DE-627)105225797  |0 (DE-576)210088613  |a Aussagefreiheit  |2 gnd 
689 0 9 |d s  |0 (DE-588)7753486-4  |0 (DE-627)700621202  |0 (DE-576)347772536  |a Beweisverwertung  |2 gnd 
689 0 |5 (DE-627) 
936 r v |a PH 4850  |b Allgemeines, auch Beweisverbote  |k Rechtswissenschaft  |k Strafrecht, Strafverfahrensrecht, Kriminologie  |k Strafverfahrensrecht  |k Beweisrecht  |k Allgemeines, auch Beweisverbote  |0 (DE-627)127173866X  |0 (DE-625)rvk/136155:  |0 (DE-576)20173866X 
936 r v |a PH 4830  |b Angeklagter, Verteidiger  |k Rechtswissenschaft  |k Strafrecht, Strafverfahrensrecht, Kriminologie  |k Strafverfahrensrecht  |k Rechtsstellung der Verfahrensbeteiligten  |k Angeklagter, Verteidiger  |0 (DE-627)1271739852  |0 (DE-625)rvk/136153:  |0 (DE-576)201739852 
951 |a BO 
ELC |b 1 
LOK |0 000 xxxxxcx a22 zn 4500 
LOK |0 001 2873265418 
LOK |0 003 DE-627 
LOK |0 004 1122358776 
LOK |0 005 20151116135028 
LOK |0 008 150728||||||||||||||||ger||||||| 
LOK |0 040   |a DE-21-110  |c DE-627  |d DE-21-110 
LOK |0 689   |a s  |a Beweisverbote 
LOK |0 689   |a s  |a Stimmvergleich 
LOK |0 852   |z Kein Bestand am IfK; Nachweis für KrimDok 
LOK |0 852   |a DE-21-110 
LOK |0 852 1  |9 00 
LOK |0 935   |a k110 
LOK |0 939   |a 28-07-15  |b l01 
ORI |a SA-MARC-krimdoka001.raw 
TIM |a 100019901003_100020261231  |b 1990-10-03 - 2026